000 01163nam a2200337 i 4500
003 EG-GICUC
005 20260310131017.0
008 260121s1993 ua |||fr|||| 00| 0 ara d
017 _a2141/1993
020 _a977004637x
040 _a EG-GICUC
_bara
_c EG-GICUC
_d EG-GICUC
_erda
041 0 _aAra
082 0 4 _221
_a343.74
_bع ب . غ
092 0 4 _221
099 _aLaw1 10 343.74 ع ب . غ 1993
100 0 _aعبدالرحيم صدقى
_eمؤلف.
245 1 2 _aالغرض المعاصر للعقوبة /
_cتأليف دكتور عبدالرحيم صدقى.
264 3 _aالقاهرة :
_bمطبعة دار شمس المعرفة،
_c1993.
300 _a336 صفحة؛
_c24 سم.
336 _2rda content
_atext
337 _2rda media
_aComputer
338 _2rda carrier
_aOnline Resource
504 _a ببليوجرافيا: صفحات211-239.
546 _aالنص باللغة العربية
650 1 _aأغراض العقاب
_2qrmak
650 1 _aالقانون الجنائى
_2qrmak
651 1 _2qrmak
856 4 0 _uhttps://fll.law.cu.edu.eg/fulltext/bks/B10-07853.pdf
905 _a54
_eYara
942 _2ddc
_cBK
_e21
_n0
999 _c58470
_d58470